Le Corbusier: análisis de la forma

I tiakina i:
Ngā taipitopito rārangi puna kōrero
Kaituhi matua: Baker, Geoffrey H (Author)
Hōputu: Pukapuka
Reo:Pāniora
I whakaputaina: Barcelona Gustavo Gili 2000
Putanga:7a. ed
Ngā marau:
Ngā Tūtohu: Tāpirihia he Tūtohu
Kāore He Tūtohu, Me noho koe te mea tuatahi ki te tūtohu i tēnei pūkete!

MARC

LEADER 00000nam a2200000 a 4500
001 UCM4705
003 CL-VaPUC
008 020830e20000000SP |||||||||||||||||spa|d
082 0 4 |a 724.6  |b BAK  |2 21 
100 0 |a Baker, Geoffrey H  |e author  |9 471129 
245 1 0 |a Le Corbusier: análisis de la forma 
250 |a 7a. ed 
300 |a 383 p 
942 |c BK 
945 |d 20020830 00:00:00  |a cmena 
260 |a Barcelona  |b Gustavo Gili  |c 2000 
650 0 |a Arquitectura moderna  |9 265021 
650 0 |a Diseño arquitectónico   |9 265271 
650 0 |a Análisis de la obra   |9 471130 
583 |a last modification  |c 20020830 00:00:00  |k Rodrigo Vera 
999 |c 301225  |d 301223 
952 |0 0  |1 0  |4 0  |6 724_600000000000000_BAK_2000  |7 0  |8 A  |9 360004  |a BIBARQ  |b BIBARQ  |d 2019-11-21  |i 384031K  |l 8  |m 1  |o 724.6 BAK 2000  |p 384031K  |r 2025-04-30  |s 2025-04-21  |w 2019-11-21  |y BK  |k ARQ